Thermodynamic properties of copper and its inorganic compounds, (Record no. 152477)
[ view plain ]
| 000 -LEADER | |
|---|---|
| fixed length control field | 01388cam2a220028901 4500 |
| 001 - CONTROL NUMBER | |
| control field | lce00875157 |
| 008 - FIXED-LENGTH DATA ELEMENTS--GENERAL INFORMATION | |
| fixed length control field | 730615s1973 nyu b 001 0 eng |
| 010 ## - LIBRARY OF CONGRESS CONTROL NUMBER | |
| LC control number | 73075730 //r842 |
| 035 ## - SYSTEM CONTROL NUMBER | |
| System control number | (Sirsi) r15171 |
| 035 ## - SYSTEM CONTROL NUMBER | |
| System control number | (DLC) 73075730 //r842 |
| 035 ## - SYSTEM CONTROL NUMBER | |
| System control number | (UPRA)lce00875157 |
| 050 0# - LIBRARY OF CONGRESS CALL NUMBER | |
| Classification number | TN1.A1 |
| Item number | I55 no. 2 |
| Classification number | QD181.C9 |
| 082 ## - DEWEY DECIMAL CLASSIFICATION NUMBER | |
| Classification number | 669.3/08 s |
| -- | 546/.652/569 |
| 100 1# - MAIN ENTRY--PERSONAL NAME | |
| Personal name | King, Edward G. |
| Linkage | A71568.1 |
| 245 10 - TITLE STATEMENT | |
| Title | Thermodynamic properties of copper and its inorganic compounds, |
| Statement of responsibility, etc. | by E. G. King, Alla D. Mah, and L. B. Pankratz. |
| 260 ## - PUBLICATION, DISTRIBUTION, ETC. | |
| Place of publication, distribution, etc. | [New York, |
| Name of publisher, distributor, etc. | International Copper Research Association, |
| Date of publication, distribution, etc. | 1973] |
| 440 #0 - SERIES STATEMENT/ADDED ENTRY--TITLE | |
| Title | INCRA series on the metallurgy of copper ; |
| Volume/sequential designation | 2 |
| Linkage | S11368.1 |
| 500 ## - GENERAL NOTE | |
| General note | Sponsored by the International Copper Research Association and the U.S. Bureau of Mines. |
| 504 ## - BIBLIOGRAPHY, ETC. NOTE | |
| Bibliography, etc. note | Bibliography: p. 217-253. |
| 650 #0 - SUBJECT ADDED ENTRY--TOPICAL TERM | |
| Topical term or geographic name entry element | Copper -- Thermal properties -- Tables. |
| General subdivision | Copper -- Thermal properties -- Tables. |
| -- | Copper -- Thermal properties -- Tables. |
| Linkage | S53770.1 |
| 650 #0 - SUBJECT ADDED ENTRY--TOPICAL TERM | |
| Topical term or geographic name entry element | Copper compounds -- Thermal properties -- Tables. |
| General subdivision | Copper compounds -- Thermal properties -- Tables. |
| -- | Copper compounds -- Thermal properties -- Tables. |
| Linkage | S53771.1 |
| 650 #0 - SUBJECT ADDED ENTRY--TOPICAL TERM | |
| Topical term or geographic name entry element | Thermodynamics -- Tables. |
| General subdivision | Thermodynamics -- Tables. |
| Linkage | S14639.1 |
| 700 1# - ADDED ENTRY--PERSONAL NAME | |
| Personal name | Mah, Alla D. |
| Linkage | A71569.1 |
| 700 1# - ADDED ENTRY--PERSONAL NAME | |
| Personal name | Pankratz, L. B. |
| Linkage | A71570.1 |
| 949 ## - LOCAL PROCESSING INFORMATION (OCLC) | |
| a | TN1.A1 |
| w | lcc |
| i | -9578 |
| m | MAIN |
| t | BOOK |
| l | ON-SHELF |
No items available.